Refurbishing Victorian housing (Record no. 106095)
[ view plain ]
| 000 -LEADER | |
|---|---|
| fixed length control field | 01088cam a22002175a 4500 |
| 001 - CONTROL NUMBER | |
| control field | L135557 |
| 008 - FIXED-LENGTH DATA ELEMENTS--GENERAL INFORMATION | |
| fixed length control field | 061107s2006 xxkdo f 000 0 eng u |
| 020 0# - INTERNATIONAL STANDARD BOOK NUMBER | |
| International Standard Book Number | 1860819419 |
| 020 1# - INTERNATIONAL STANDARD BOOK NUMBER | |
| International Standard Book Number | 9781860819414 |
| 035 ## - SYSTEM CONTROL NUMBER | |
| System control number | (Sirsi) u135557 |
| 050 04 - LIBRARY OF CONGRESS CALL NUMBER | |
| Classification number | 690.231 $2 18 |
| 100 ## - MAIN ENTRY--PERSONAL NAME | |
| Personal name | Yates, Tim |
| 245 00 - TITLE STATEMENT | |
| Title | Refurbishing Victorian housing |
| Remainder of title | guidance and assessment method for sustainable refurbishment |
| 260 ## - PUBLICATION, DISTRIBUTION, ETC. | |
| Place of publication, distribution, etc. | Watford |
| Name of publisher, distributor, etc. | BRE |
| Date of publication, distribution, etc. | 2006 |
| 300 ## - PHYSICAL DESCRIPTION | |
| Extent | 6p. |
| Other physical details | ill. |
| Dimensions | 30cm. |
| 490 #0 - SERIES STATEMENT | |
| Series statement | BRE Information Paper |
| Volume/sequential designation | (9/06) |
| 520 ## - SUMMARY, ETC. | |
| Summary, etc. | Outlines a method of assessing the refurbishment of traditionally built houses dating from the period 1840-1919. Looks at competing requirements for modern energy and acoustic standards, whole building performance and the effects of durability, reliability and maintainability of the building fabric. Summarises the economic, environmental and social costs and benefits of retaining this part of the building stock and sets out a methodology that can be used in the assessment process. |
| 651 #4 - SUBJECT ADDED ENTRY--GEOGRAPHIC NAME | |
| Geographic name | United Kingdom |
| Chronological subdivision | |
| 690 ## - LOCAL SUBJECT ADDED ENTRY--TOPICAL TERM (OCLC, RLIN) | |
| Topical term or geographic name as entry element | Refurbishment |
| 9 (RLIN) | 6264 |
| 942 ## - ADDED ENTRY ELEMENTS (KOHA) | |
| Suppress in OPAC | 0 |
| Withdrawn status | Lost status | Source of classification or shelving scheme | Damaged status | Not for loan | Home library | Current library | Shelving location | Date acquired | Total Checkouts | Full call number | Barcode | Date last seen | Date last checked out | Copy number | Price effective from | Koha item type |
|---|---|---|---|---|---|---|---|---|---|---|---|---|---|---|---|---|
| Dewey Decimal Classification | London | London | Boxed set | 21/08/2007 | 7 | BRE | 30073446 | 06/08/2019 | 20/05/2009 | 1 | 06/08/2019 | Book |